|
|
|
|
| LEADER |
000000am a2200000 a 4500 |
| 001 |
2942 |
| 005 |
20230308180114.0 |
| 008 |
949012|1947 ||||||||r|||||||||||spa|| |
| 040 |
|
|
|b spa
|
| 041 |
0 |
|
|a Es
|
| 082 |
0 |
|
|a 616.97
|b Cri
|
| 100 |
1 |
|
|a Criep, Leo H.
|9 86309
|
| 245 |
1 |
1 |
|a Elementos de alergia
|c Leo H. Criep
|h imp
|
| 264 |
|
|
|a Buenos Aires
|b páginas:R.O.C.M.O.
|c 1947
|
| 300 |
|
|
|a 346 páginas:
|b ilus., tbls.
|
| 504 |
|
|
|a incl. ref.
|
| 650 |
1 |
|
|a Hipersensibilidad
|9 85862
|
| 852 |
|
|
|a UC-SALUD
|f compra
|k mariana.feican
|l 1
|m General
|p 19490128
|q S/. 50
|t 2942
|b 0
|d CDRS
|e CDRS
|g 616.97 Cri
|z 1949-90-12
|
| 942 |
|
|
|c BK
|
| 999 |
|
|
|c 52039
|d 52039
|